<?xml version="1.0" encoding="UTF-8"?>
<record
    xmlns:xsi="http://www.w3.org/2001/XMLSchema-instance"
    xsi:schemaLocation="http://www.loc.gov/MARC21/slim http://www.loc.gov/standards/marcxml/schema/MARC21slim.xsd"
    xmlns="http://www.loc.gov/MARC21/slim">

  <leader>02777cam a2200337   4500500</leader>
  <controlfield tag="005">20260222011929.0</controlfield>
  <datafield tag="041" ind1=" " ind2=" ">
    <subfield code="a">fre</subfield>
  </datafield>
  <datafield tag="042" ind1=" " ind2=" ">
    <subfield code="a">dc</subfield>
  </datafield>
  <datafield tag="100" ind1="1" ind2="0">
    <subfield code="a">Gouyon, Claire</subfield>
    <subfield code="e">author</subfield>
  </datafield>
  <datafield tag="245" ind1="0" ind2="0">
    <subfield code="a">&#xAB;&#xA0;Conserver &#xE0; la Russie une &#xE9;lite d&#x2019;enfants capables de lui &#xEA;tre utile dans l&#x2019;avenir&#xA0;&#xBB;</subfield>
  </datafield>
  <datafield tag="260" ind1=" " ind2=" ">
    <subfield code="c">2022.
							</subfield>
  </datafield>
  <datafield tag="500" ind1=" " ind2=" ">
    <subfield code="a">2</subfield>
  </datafield>
  <datafield tag="520" ind1=" " ind2=" ">
    <subfield code="a">Cons&#xE9;quence de la r&#xE9;volution russe et de la guerre civile qui s&#xE9;vit entre 1917 et 1923, des milliers d&#x2019;enfants russes arrivent sur le sol fran&#xE7;ais au d&#xE9;tour des ann&#xE9;es 1920, parfois sans famille, toujours d&#xE9;racin&#xE9;s d&#x2019;un point de vue g&#xE9;ographique et affectif. Venant pallier les carences de l&#x2019;aide publique, la charit&#xE9; priv&#xE9;e, principalement catholique, se structure en leur faveur d&#xE8;s le d&#xE9;but des ann&#xE9;es 1920 sous l&#x2019;impulsion de clercs sensibles au sort de ces enfants. Se situant au croisement d&#x2019;une histoire sociale du religieux et d&#x2019;une histoire des &#xE9;trangers, cet article se penche sur un aspect m&#xE9;connu de l&#x2019;&#xE9;migration russe en France entre les deux guerres mondiales en &#xE9;clairant les raisons complexes motivant l&#x2019;accueil, par les catholiques fran&#xE7;ais, des enfants russes, en recensant les formes concr&#xE8;tes de cet accueil et en tentant d&#x2019;&#xE9;valuer, d&#x2019;un point de vue quantitatif et qualitatif, la port&#xE9;e et la post&#xE9;rit&#xE9; de cet engagement.</subfield>
  </datafield>
  <datafield tag="520" ind1=" " ind2=" ">
    <subfield code="a">As a consequence of the Russian revolution and the civil war that raged between 1917 and 1923, thousands of Russian children arrived in France in the 1920s, sometimes without family, always uprooted both geographically and emotionally. In the context of diminished public aid, private charitable assistance, primarily under Catholic auspices, developed on their behalf in the early 1920s, led by clergy sensitive to the fate of the children. At the crossroads of a religious social history and a history of foreigners, this article focuses on a little-known aspect of Russian immigration to France in the interwar period, highlighting the complex reasons that motivated French Catholics to care for Russian children, analysing the concrete forms of this aid and evaluating, both quantitatively and qualitatively, its scope and long-term outcomes.</subfield>
  </datafield>
  <datafield tag="690" ind1=" " ind2=" ">
    <subfield code="a">accueil</subfield>
  </datafield>
  <datafield tag="690" ind1=" " ind2=" ">
    <subfield code="a">catholiques fran&#xE7;ais</subfield>
  </datafield>
  <datafield tag="690" ind1=" " ind2=" ">
    <subfield code="a">enfance</subfield>
  </datafield>
  <datafield tag="690" ind1=" " ind2=" ">
    <subfield code="a">hospitalit&#xE9;</subfield>
  </datafield>
  <datafield tag="690" ind1=" " ind2=" ">
    <subfield code="a">orthodoxie</subfield>
  </datafield>
  <datafield tag="690" ind1=" " ind2=" ">
    <subfield code="a">r&#xE9;fugi&#xE9;s</subfield>
  </datafield>
  <datafield tag="690" ind1=" " ind2=" ">
    <subfield code="a">russes</subfield>
  </datafield>
  <datafield tag="690" ind1=" " ind2=" ">
    <subfield code="a">Childhood</subfield>
  </datafield>
  <datafield tag="690" ind1=" " ind2=" ">
    <subfield code="a">French Catholics</subfield>
  </datafield>
  <datafield tag="690" ind1=" " ind2=" ">
    <subfield code="a">Hospitality</subfield>
  </datafield>
  <datafield tag="690" ind1=" " ind2=" ">
    <subfield code="a">Orthodoxy</subfield>
  </datafield>
  <datafield tag="690" ind1=" " ind2=" ">
    <subfield code="a">Reception</subfield>
  </datafield>
  <datafield tag="690" ind1=" " ind2=" ">
    <subfield code="a">Refugees</subfield>
  </datafield>
  <datafield tag="690" ind1=" " ind2=" ">
    <subfield code="a">Russians</subfield>
  </datafield>
  <datafield tag="786" ind1="0" ind2=" ">
    <subfield code="n">L'irr&#xE9;guli&#xE8;re | 24 | 1 | 2022-07-20 | p. 21-32 | 1962-9419</subfield>
  </datafield>
  <datafield tag="856" ind1="4" ind2="1">
    <subfield code="u">https://shs.cairn.info/revue-d-histoire-de-l-enfance-irreguliere-2022-1-page-21?lang=fr&amp;redirect-ssocas=7080</subfield>
  </datafield>
  <datafield tag="999" ind1=" " ind2=" ">
    <subfield code="c">1670024</subfield>
    <subfield code="d">1670024</subfield>
  </datafield>
</record>
